[Event "1.b HSL 19"]
[Site "Mali Losinj"]
[Date "2019.09.28"]
[Round "1.11"]
[White "Ivic, Velimir"]
[Black "Sedlak, Nikola"]
[Result "0-1"]
[WhiteElo "2511"]
[BlackElo "2572"]
[PlyCount "82"]
[EventDate "2019.09.28"]
[EventCountry "CRO"]
[WhiteTeam "ŠK BRDA, Split"]
[BlackTeam "ŠK ŠIBENIK, Šibenik"]

1. e4 e5 2. Nf3 Nc6 3. Bb5 a6 4. Ba4 Nf6 5. O-O Nxe4 6. d4 Be7 7. Re1 b5 8.
Rxe4 d5 9. Nxe5 Nxe5 10. Rxe5 bxa4 11. b3 O-O 12. Ba3 Bxa3 13. Nxa3 Qd6 14. Nb1
f6 15. Re3 Bd7 16. Nc3 Rfe8 17. Qf3 Rxe3 18. Qxe3 Re8 19. Qg3 Qb6 20. h3 axb3
21. axb3 Bf5 22. Qf4 Bxc2 23. Nxd5 Qxb3 24. Nxc7 Re4 25. Qd6 h5 26. d5 Re5 27.
Ne6 Qb7 28. Rc1 Kh7 29. Qf8 Re2 30. Qe8 Re5 31. Qf8 Re2 32. Nf4 Re5 33. d6 Qb2
34. Rf1 Qd4 35. g3 h4 36. Qc8 Bf5 37. Qc1 hxg3 38. Kg2 gxf2 39. Rxf2 Be4+ 40.
Kf1 Qxd6 41. h4 Rb5 0-1

[Event "1.b HSL 19"]
[Site "Mali Losinj"]
[Date "2019.09.28"]
[Round "1.12"]
[White "Nikcevic, Nebojsa"]
[Black "Doric, Darko"]
[Result "0-1"]
[WhiteElo "2415"]
[BlackElo "2467"]
[PlyCount "94"]
[EventDate "2019.09.28"]
[EventCountry "CRO"]
[WhiteTeam "ŠK ŠIBENIK, Šibenik"]
[BlackTeam "ŠK BRDA, Split"]

1. Nf3 d5 2. c4 d4 3. e3 Nc6 4. exd4 Nxd4 5. Nxd4 Qxd4 6. Nc3 c6 7. d3 Nh6 8.
Be2 g6 9. Be3 Qd8 10. g4 Bg7 11. h3 f5 12. d4 O-O 13. Qd2 Nf7 14. f4 b5 15. c5
Be6 16. a3 a5 17. g5 Qd7 18. Bf3 Rfd8 19. O-O Bc4 20. Rfd1 Bb3 21. d5 Bxd1 22.
Rxd1 Qc7 23. Qe2 Bxc3 24. bxc3 cxd5 25. Bxd5 Rab8 26. Bf2 Qxf4 27. Qxe7 Rxd5
28. Rxd5 Qxg5+ 29. Qxg5 Nxg5 30. Kg2 Rc8 31. Bd4 Ne6 32. Kf3 Rd8 33. Rxd8+ Nxd8
34. Kf4 Nc6 35. Be3 Kg7 36. h4 Kf6 37. Bd2 h6 38. Ke3 g5 39. hxg5+ hxg5 40. Kd3
f4 41. Ke4 Ke6 42. Be1 Ne5 43. Bf2 a4 44. Bd4 Nc4 45. c6 Nxa3 46. Bf6 Nc4 47.
c7 Kd7 0-1

[Event "1.b HSL 19"]
[Site "Mali Losinj"]
[Date "2019.09.28"]
[Round "1.13"]
[White "Plenkovic, Zdenko"]
[Black "Matkovic, Tonci"]
[Result "1/2-1/2"]
[WhiteElo "2368"]
[BlackElo "2281"]
[PlyCount "62"]
[EventDate "2019.09.28"]
[EventCountry "CRO"]
[WhiteTeam "ŠK BRDA, Split"]
[BlackTeam "ŠK ŠIBENIK, Šibenik"]

1. c4 Nf6 2. Nc3 g6 3. g3 Bg7 4. Bg2 d6 5. e4 c5 6. Nge2 Nc6 7. d3 a6 8. h3 Nd4
9. Nxd4 cxd4 10. Ne2 e5 11. O-O O-O 12. f4 exf4 13. gxf4 Qb6 14. f5 gxf5 15.
Bg5 Nxe4 16. dxe4 d3+ 17. Kh1 dxe2 18. Qxe2 Qxb2 19. Qxb2 Bxb2 20. Rab1 Be5 21.
exf5 Rb8 22. Bd5 Bd7 23. Rf2 Bc6 24. Bh6 Bxd5+ 25. cxd5 Rfc8 26. f6 Rc3 27. Rb3
Rxb3 28. axb3 Rc8 29. Rg2+ Kh8 30. Bg7+ Kg8 31. Bh6+ Kh8 1/2-1/2

[Event "1.b HSL 19"]
[Site "Mali Losinj"]
[Date "2019.09.28"]
[Round "1.14"]
[White "Vlaic, Branko"]
[Black "Rade, Miroslav"]
[Result "0-1"]
[WhiteElo "2270"]
[BlackElo "2390"]
[PlyCount "86"]
[EventDate "2019.09.28"]
[EventCountry "CRO"]
[WhiteTeam "ŠK ŠIBENIK, Šibenik"]
[BlackTeam "ŠK BRDA, Split"]

1. d4 Nf6 2. Nf3 g6 3. Bg5 Bg7 4. Nbd2 c5 5. Bxf6 Bxf6 6. Ne4 Qb6 7. Nxf6+ Qxf6
8. c3 Qb6 9. Qb3 d6 10. e4 O-O 11. Be2 Bg4 12. d5 Nd7 13. Nd2 Bxe2 14. Kxe2
Qa6+ 15. c4 e6 16. Rhe1 Rab8 17. a4 Qa5 18. Qb5 Qd8 19. Nf3 e5 20. g4 Nf6 21.
Nd2 Nxg4 22. f3 Nf6 23. h4 Nh5 24. Kd3 Qxh4 25. Rh1 Qe7 26. Rag1 Nf4+ 27. Ke3
f5 28. Qb3 Rf7 29. Qc2 Rbf8 30. Rh2 Kh8 31. Qb1 Nh5 32. Qd1 a6 33. Kd3 Qd7 34.
b3 b5 35. axb5 axb5 36. Qa1 Qb7 37. Ke3 Ra8 38. Qc1 b4 39. Rg5 Qe7 40. Qg1 Ra1
41. Qxa1 Qxg5+ 42. Kd3 fxe4+ 43. fxe4 Qg3+ 0-1

[Event "1.b HSL 19"]
[Site "Mali Losinj"]
[Date "2019.09.28"]
[Round "1.16"]
[White "Grgurevic, Boris"]
[Black "Curic, Drazen"]
[Result "1-0"]
[WhiteElo "2177"]
[BlackElo "2137"]
[PlyCount "43"]
[EventDate "2019.09.28"]
[EventCountry "CRO"]
[WhiteTeam "ŠK ŠIBENIK, Šibenik"]
[BlackTeam "ŠK BRDA, Split"]

1. e4 c5 2. Nf3 e6 3. c3 d6 4. d4 Nd7 5. Bd3 Ngf6 6. O-O Be7 7. Re1 O-O 8. Nbd2
cxd4 9. cxd4 e5 10. Nc4 exd4 11. Nxd4 Ne5 12. Bf1 Ng6 13. Nf5 Nxe4 14. Nxe7+
Qxe7 15. f3 d5 16. Na3 Qc5+ 17. Be3 Qb4 18. fxe4 dxe4 19. Nb5 Be6 20. Qd4 Qxd4
21. Bxd4 Rad8 22. Bc5 1-0

[Event "1.b HSL 19"]
[Site "Mali Losinj"]
[Date "2019.09.28"]
[Round "1.15"]
[White "Polok, Kacper"]
[Black "Malenica, Mario"]
[Result "1-0"]
[WhiteElo "2307"]
[BlackElo "2221"]
[PlyCount "99"]
[EventDate "2019.09.28"]
[EventCountry "CRO"]
[WhiteTeam "ŠK BRDA, Split"]
[BlackTeam "ŠK ŠIBENIK, Šibenik"]

1. e4 c5 2. Nc3 Nc6 3. Bb5 Nd4 4. Bc4 g6 5. Nf3 Bg7 6. Nxd4 cxd4 7. Qf3 Nh6 8.
Ne2 O-O 9. d3 e6 10. Bb3 f5 11. Qh3 Ng4 12. O-O Kh8 13. f3 Ne3 14. Bxe3 dxe3
15. f4 fxe4 16. dxe4 Bxb2 17. Rab1 Ba3 18. Qxe3 Qb6 19. Qxb6 axb6 20. e5 d5 21.
Nd4 Bc5 22. c3 Bd7 23. Rf2 b5 24. Rd1 Rf7 25. g3 Raf8 26. h4 h6 27. Kg2 Kg7 28.
Rf3 h5 29. Rfd3 Bxd4 30. cxd4 Bc6 31. Rc3 Ra8 32. Kf3 Ra3 33. Rdc1 Rf8 34. g4
hxg4+ 35. Kxg4 Kh6 36. Rh3 Rf5 37. Rch1 b4 38. Bc2 Rxh3 39. Rxh3 Rf8 40. h5
gxh5+ 41. Rxh5+ Kg7 42. Rh7+ Kg8 43. Kg5 Rf7 44. Rh6 Bd7 45. Bg6 Rf8 46. Rh7
Bc8 47. Rc7 Rd8 48. Kf6 Rf8+ 49. Rf7 b6 50. Bh7+ 1-0

[Event "1.b HSL 19"]
[Site "Mali Losinj"]
[Date "2019.09.28"]
[Round "1.22"]
[White "Tratar, Marko"]
[Black "Bogut, Zeljko"]
[Result "1-0"]
[WhiteElo "2461"]
[BlackElo "2386"]
[PlyCount "47"]
[EventDate "2019.09.28"]
[EventCountry "CRO"]
[WhiteTeam "ŠK PULA, Pula"]
[BlackTeam "ŠK DUBROVNIK, Dubrovnik"]

1. c4 Nf6 2. Nc3 e6 3. e4 d5 4. cxd5 exd5 5. e5 Ng4 6. d4 h5 7. h3 Nh6 8. Qxh5
c5 9. Bb5+ Nc6 10. Nge2 a6 11. Bg5 Qa5 12. Bxc6+ bxc6 13. O-O g6 14. Qf3 Nf5
15. dxc5 Bxc5 16. a3 Bf8 17. Rfd1 Be6 18. g4 Ne7 19. Nd4 Kd7 20. b4 Qc7 21. Na4
Ng8 22. Rac1 Qxe5 23. Nb6+ Ke8 24. Bf4 1-0

[Event "1.b HSL 19"]
[Site "Mali Losinj"]
[Date "2019.09.28"]
[Round "1.21"]
[White "Djukic, Nikola"]
[Black "Vavulin, Maxim"]
[Result "0-1"]
[WhiteElo "2518"]
[BlackElo "2550"]
[PlyCount "58"]
[EventDate "2019.09.28"]
[EventCountry "CRO"]
[WhiteTeam "ŠK DUBROVNIK, Dubrovnik"]
[BlackTeam "ŠK PULA, Pula"]

1. e4 e5 2. Nf3 Nc6 3. Bb5 a6 4. Ba4 b5 5. Bb3 Na5 6. O-O d6 7. d4 exd4 8. Nxd4
Bb7 9. c4 c5 10. Nf5 g6 11. Ne3 Bg7 12. Nc3 Nf6 13. cxb5 axb5 14. Nxb5 O-O 15.
Bd5 Nxe4 16. Bxb7 Nxb7 17. Qd5 Qe7 18. Qd3 f5 19. Nd5 Qf7 20. Nbc3 Rfe8 21. Be3
Na5 22. Rfd1 Nc6 23. f3 Ne5 24. Qf1 Nxc3 25. bxc3 c4 26. Nb6 Ra3 27. Bd4 Nd3
28. Bxg7 Qxg7 29. Nd5 Qa7+ 0-1

[Event "1.b HSL 19"]
[Site "Mali Losinj"]
[Date "2019.09.28"]
[Round "1.23"]
[White "Galic, Ivan"]
[Black "Fercec, Nenad"]
[Result "1/2-1/2"]
[WhiteElo "2414"]
[BlackElo "2439"]
[PlyCount "53"]
[EventDate "2019.09.28"]
[EventCountry "CRO"]
[WhiteTeam "ŠK DUBROVNIK, Dubrovnik"]
[BlackTeam "ŠK PULA, Pula"]

1. e4 c5 2. Nf3 d6 3. d4 cxd4 4. Nxd4 Nf6 5. Nc3 a6 6. Be2 e6 7. f4 Qc7 8. Bf3
Be7 9. O-O O-O 10. Be3 Nc6 11. Nxc6 bxc6 12. Na4 Rb8 13. c4 c5 14. Qc2 Bd7 15.
Nc3 Bc6 16. e5 dxe5 17. Bxc6 Ng4 18. Rae1 Qxc6 19. fxe5 Nxe3 20. Rxe3 f5 21.
exf6 Bxf6 22. Ref3 Bd4+ 23. Kh1 Rxf3 24. Rxf3 Qd6 25. Ne4 Qe5 26. b3 a5 27. a4
1/2-1/2

[Event "1.b HSL 19"]
[Site "Mali Losinj"]
[Date "2019.09.28"]
[Round "1.26"]
[White "Krsnik Cohar, Ivan Vihor"]
[Black "Brnas, Augustin"]
[Result "0-1"]
[WhiteElo "2340"]
[BlackElo "2200"]
[PlyCount "66"]
[EventDate "2019.09.28"]
[EventCountry "CRO"]
[WhiteTeam "ŠK PULA, Pula"]
[BlackTeam "ŠK DUBROVNIK, Dubrovnik"]

1. c4 Nf6 2. g3 g6 3. Bg2 Bg7 4. d4 d5 5. Nc3 c6 6. Nf3 O-O 7. O-O dxc4 8. Ne5
Ng4 9. f4 Nxe5 10. fxe5 c5 11. dxc5 Nc6 12. Bg5 Qa5 13. Kh1 Qxc5 14. Nd5 Bxe5
15. Be3 Qa5 16. Qc2 Be6 17. Bd2 Qc5 18. Be3 Bd4 19. b4 Qxd5 20. Bxd5 Bxd5+ 21.
Rf3 Bxa1 22. Bh6 Rfd8 23. e4 Be6 24. Rf1 Bg7 25. Bxg7 Kxg7 26. Qc3+ f6 27. b5
Ne5 28. Qa3 Kf7 29. Qc3 Bh3 30. Rc1 Rd3 31. Qa5 Rad8 32. Kg1 Rd2 33. Qa3 R8d3
0-1

[Event "1.b HSL 19"]
[Site "Mali Losinj"]
[Date "2019.09.28"]
[Round "1.25"]
[White "Levacic, Patrick"]
[Black "Franic, Milan"]
[Result "1/2-1/2"]
[WhiteElo "2245"]
[BlackElo "2366"]
[PlyCount "28"]
[EventDate "2019.09.28"]
[EventCountry "CRO"]
[WhiteTeam "ŠK DUBROVNIK, Dubrovnik"]
[BlackTeam "ŠK PULA, Pula"]

1. e4 e6 2. Nf3 d5 3. exd5 exd5 4. d4 Bd6 5. Bd3 Ne7 6. O-O Bg4 7. Re1 Nbc6 8.
c3 Qd7 9. Nbd2 O-O 10. Qc2 Bf5 11. Nf1 Rfe8 12. Ng3 Bg6 13. Bg5 f6 14. Bd2 a6
1/2-1/2

[Event "1.b HSL 19"]
[Site "Mali Losinj"]
[Date "2019.09.28"]
[Round "1.24"]
[White "Zufic, Miroslav"]
[Black "Bender, Ivan"]
[Result "1-0"]
[WhiteElo "2382"]
[BlackElo "2212"]
[PlyCount "79"]
[EventDate "2019.09.28"]
[EventCountry "CRO"]
[WhiteTeam "ŠK PULA, Pula"]
[BlackTeam "ŠK DUBROVNIK, Dubrovnik"]

1. e4 c5 2. Nf3 d6 3. d4 cxd4 4. Nxd4 Nf6 5. Nc3 a6 6. g3 e5 7. Nde2 Be7 8. Bg2
O-O 9. a4 h6 10. O-O b6 11. Nd5 Nxd5 12. Qxd5 Qc7 13. Be3 Nc6 14. Qd2 Be6 15.
b3 Rab8 16. Nc3 Rfc8 17. Rac1 Nb4 18. Nd5 Nxd5 19. exd5 Bd7 20. c4 Qd8 21. f4
Bf6 22. fxe5 Bxe5 23. Be4 Qe7 24. Bd3 Rf8 25. Bf4 Bxf4 26. Qxf4 Rbe8 27. Rf3
Qe5 28. Qd2 a5 29. Qf2 Bg4 30. Rf4 Qe3 31. Qxe3 Rxe3 32. Rc3 g5 33. Rxg4 f5 34.
Rd4 Rfe8 35. Rc1 Rf3 36. Rf1 Ree3 37. Rxf3 Rxf3 38. Kg2 g4 39. Bc2 Rc3 40. Bxf5
1-0

[Event "1.b HSL 19"]
[Site "Mali Losinj"]
[Date "2019.09.28"]
[Round "1.34"]
[White "Trbojevic, Mladen"]
[Black "Bukal, Vladimir Jr."]
[Result "1/2-1/2"]
[WhiteElo "2338"]
[BlackElo "2390"]
[PlyCount "61"]
[EventDate "2019.09.28"]
[EventCountry "CRO"]
[WhiteTeam "ŠK STRIDON, Štrigova"]
[BlackTeam "ŠK SESVETE-AGROPROTEINKA, Sesvete"]

1. e4 e6 2. d4 d5 3. Nc3 Nf6 4. Bg5 Bb4 5. e5 h6 6. Be3 Ne4 7. Qg4 g6 8. Nge2
c5 9. dxc5 Nc6 10. O-O-O h5 11. Qf4 Bxc3 12. Nxc3 Nxc3 13. bxc3 Qa5 14. Bd4 b6
15. cxb6 axb6 16. Bd3 Nxd4 17. Qxd4 Ba6 18. Kd2 O-O 19. a4 Rfc8 20. Rb1 Bxd3
21. cxd3 Qxa4 22. Qxa4 Rxa4 23. Rhc1 Rc6 24. Rb3 g5 25. Rcb1 Ra6 26. h3 Kg7 27.
R1b2 Kg6 28. g4 hxg4 29. hxg4 f6 30. exf6 Kxf6 31. d4 1/2-1/2

[Event "1.b HSL 19"]
[Site "Mali Losinj"]
[Date "2019.09.28"]
[Round "1.31"]
[White "Lenic, Luka"]
[Black "Sokolov, Ivan"]
[Result "1/2-1/2"]
[WhiteElo "2644"]
[BlackElo "2584"]
[PlyCount "89"]
[EventDate "2019.09.28"]
[EventCountry "CRO"]
[WhiteTeam "ŠK SESVETE-AGROPROTEINKA, Sesvete"]
[BlackTeam "ŠK STRIDON, Štrigova"]

1. d4 Nf6 2. c4 e6 3. Nf3 b6 4. g3 Bb4+ 5. Bd2 Be7 6. Bg2 Bb7 7. Nc3 O-O 8. Qc2
c5 9. d5 exd5 10. cxd5 Na6 11. e4 Nb4 12. Qb1 Ba6 13. Bf1 Bxf1 14. Kxf1 d6 15.
Kg2 Re8 16. a3 Na6 17. Qd3 Nc7 18. Rhe1 Bf8 19. Bf4 g6 20. Rad1 Bg7 21. e5 Nh5
22. Bg5 Qd7 23. exd6 Qxd6 24. Ne4 Qd7 25. d6 Ne6 26. Be3 Bxb2 27. Nc3 Nef4+ 28.
Bxf4 Nxf4+ 29. gxf4 c4 30. Qd5 Bxc3 31. Rxe8+ Rxe8 32. Rc1 Bb2 33. Rxc4 Qg4+
34. Kh1 Rd8 35. Ne5 Qf5 36. Kg2 Qe6 37. Qxe6 fxe6 38. Rc6 Kf8 39. a4 Bd4 40. h4
Ke8 41. Rc7 Rxd6 42. Rxa7 Bxe5 43. fxe5 Rd4 44. Kg3 h5 45. f3 1/2-1/2

[Event "1.b HSL 19"]
[Site "Mali Losinj"]
[Date "2019.09.28"]
[Round "1.32"]
[White "Nemeth, Miklos"]
[Black "Postny, Evgeny"]
[Result "1/2-1/2"]
[WhiteElo "2488"]
[BlackElo "2601"]
[PlyCount "69"]
[EventDate "2019.09.28"]
[EventCountry "CRO"]
[WhiteTeam "ŠK STRIDON, Štrigova"]
[BlackTeam "ŠK SESVETE-AGROPROTEINKA, Sesvete"]

1. e4 c6 2. d4 d5 3. e5 Bf5 4. Nf3 e6 5. Be2 Ne7 6. O-O c5 7. dxc5 Nec6 8. c3
Bxc5 9. b4 Bb6 10. b5 Ne7 11. Ba3 Nd7 12. c4 Bc5 13. Bxc5 Nxc5 14. Qd4 Rc8 15.
Nbd2 Be4 16. Rfd1 O-O 17. cxd5 Bxd5 18. Qg4 Qa5 19. Bc4 Qa4 20. h3 Rfd8 21.
Bxd5 Rxd5 22. Qxa4 Nxa4 23. Ne4 Rxd1+ 24. Rxd1 Nd5 25. Nd6 Rc2 26. Ng5 Rc7 27.
Rd3 h6 28. Nge4 Nac3 29. Nxc3 Rxc3 30. Rxc3 Nxc3 31. Kf1 Kf8 32. Ke1 Nxa2 33.
Nxb7 Nb4 34. Kd2 a6 35. bxa6 1/2-1/2

[Event "1.b HSL 19"]
[Site "Mali Losinj"]
[Date "2019.09.28"]
[Round "1.33"]
[White "Jovanovic, Zoran"]
[Black "Krstic, Uros"]
[Result "1/2-1/2"]
[WhiteElo "2507"]
[BlackElo "2354"]
[PlyCount "68"]
[EventDate "2019.09.28"]
[EventCountry "CRO"]
[WhiteTeam "ŠK SESVETE-AGROPROTEINKA, Sesvete"]
[BlackTeam "ŠK STRIDON, Štrigova"]

1. e4 c6 2. d4 d5 3. Nc3 dxe4 4. Nxe4 Nf6 5. Nxf6+ exf6 6. Bc4 Qe7+ 7. Qe2 Be6
8. Bxe6 Qxe6 9. Nh3 Na6 10. Nf4 Qxe2+ 11. Kxe2 O-O-O 12. c3 Bd6 13. Nh5 Rhe8+
14. Kf3 Bf8 15. g4 Nc7 16. Be3 a5 17. Rae1 a4 18. Bc1 Nb5 19. Rxe8 Rxe8 20. Bd2
Nd6 21. Bf4 Ne4 22. Ng3 Nxg3 23. hxg3 h6 24. b3 Kd7 25. bxa4 Ra8 26. Rb1 Kc8
27. Re1 Kd7 28. Rb1 Kc8 29. Rb2 Rxa4 30. Ke4 b5 31. Kd3 Kd7 32. Re2 Be7 33. Rb2
Ba3 34. Re2 Be7 1/2-1/2

[Event "1.b HSL 19"]
[Site "Mali Losinj"]
[Date "2019.09.28"]
[Round "1.35"]
[White "Ivekovic, Zvonimir"]
[Black "Vernacki, Srdjan"]
[Result "1-0"]
[WhiteElo "2405"]
[BlackElo "2318"]
[PlyCount "95"]
[EventDate "2019.09.28"]
[EventCountry "CRO"]
[WhiteTeam "ŠK SESVETE-AGROPROTEINKA, Sesvete"]
[BlackTeam "ŠK STRIDON, Štrigova"]

1. e4 c5 2. Nf3 e6 3. d4 cxd4 4. Nxd4 Nf6 5. Nc3 d6 6. g4 h6 7. Be3 Nc6 8. Rg1
Be7 9. Qe2 Nxd4 10. Bxd4 e5 11. Be3 Be6 12. h4 Nd7 13. g5 hxg5 14. Bxg5 a6 15.
O-O-O Bxg5+ 16. Rxg5 Qf6 17. Rxd6 Rxh4 18. Rg1 Qf4+ 19. Kb1 Rh2 20. Rg2 Rxg2
21. Bxg2 Ke7 22. Rd1 Nf6 23. Qd3 Kf8 24. Rh1 Kg8 25. Bh3 Ng4 26. Bxg4 Qxg4 27.
Nd5 Bxd5 28. exd5 e4 29. Qd4 Rd8 30. Qe5 f6 31. Qd4 Qf5 32. d6 Qe6 33. Rd1 Rd7
34. c4 Kf7 35. c5 f5 36. Rg1 Kg8 37. a4 Kf8 38. a5 Kg8 39. Re1 Qb3 40. Re3 Qf7
41. Qe5 Qh5 42. Kc2 Qf7 43. Kc3 Rd8 44. Kd4 Qh5 45. Qe6+ Kh8 46. Qe7 Rc8 47. d7
Qd1+ 48. Ke5 1-0

[Event "1.b HSL 19"]
[Site "Mali Losinj"]
[Date "2019.09.28"]
[Round "1.36"]
[White "Tomasic, Roland"]
[Black "Antunac, Goran"]
[Result "1-0"]
[WhiteElo "2102"]
[BlackElo "2379"]
[PlyCount "173"]
[EventDate "2019.09.28"]
[EventCountry "CRO"]
[WhiteTeam "ŠK STRIDON, Štrigova"]
[BlackTeam "ŠK SESVETE-AGROPROTEINKA, Sesvete"]

1. e4 c5 2. Nf3 e6 3. d4 cxd4 4. Nxd4 a6 5. c4 Nf6 6. Nc3 d6 7. Be2 Bd7 8. O-O
Nc6 9. Kh1 Be7 10. a3 O-O 11. Be3 Rc8 12. Nb3 Ne5 13. Nd2 Bc6 14. f4 Ned7 15.
b4 b6 16. Qb3 Qc7 17. Rfc1 Qb7 18. Bf3 b5 19. cxb5 axb5 20. Qb1 Nb6 21. Be2 d5
22. a4 bxa4 23. b5 Bd7 24. e5 Ne4 25. Ndxe4 dxe4 26. Nxa4 Rxc1+ 27. Bxc1 Nxa4
28. Rxa4 Rc8 29. Be3 Bc5 30. Bxc5 Rxc5 31. h3 Bc6 32. Qg1 Bxb5 33. Rb4 Qd5 34.
Rd4 Bxe2 35. Rxd5 Rxd5 36. Qe3 Bd3 37. Kh2 g6 38. Qa7 Kg7 39. Kg3 Bb5 40. Kh4
h6 41. Qe3 Bd3 42. Kg3 Ra5 43. Qb6 Ra2 44. Qb3 Rc2 45. h4 h5 46. Kh2 Rd2 47.
Qb6 Bf1 48. Kg1 Bc4 49. Qc5 Bd5 50. Qc3 Rd3 51. Qc2 Rb3 52. Qc5 Rb2 53. f5 gxf5
54. Qe7 Rb8 55. Qf6+ Kg8 56. Kh2 Ra8 57. Qg5+ Kf8 58. Qxh5 e3 59. Qh6+ Ke8 60.
Qxe3 Ra2 61. h5 Rxg2+ 62. Kh3 Rg4 63. Qc5 Rc4 64. Qd6 Rc6 65. Qb8+ Ke7 66. h6
Rc3+ 67. Kh4 Rc4+ 68. Kg3 f4+ 69. Kg4 Be4 70. Qh8 Bf5+ 71. Kg5 f3 72. Qf6+ Ke8
73. h7 Bxh7 74. Qh8+ Ke7 75. Qxh7 f2 76. Qd3 Rd4 77. Qf3 Rd2 78. Kg4 Rb2 79.
Qf6+ Ke8 80. Kg3 Ra2 81. Kg2 Kf8 82. Qh8+ Ke7 83. Kf1 Rc2 84. Qb8 Ra2 85. Qb3
Ra7 86. Qb4+ Kd7 87. Qd4+ 1-0

[Event "1.b HSL 19"]
[Site "Mali Losinj"]
[Date "2019.09.28"]
[Round "1.41"]
[White "Brkic, Ante"]
[Black "Nagy, Gabor"]
[Result "1-0"]
[WhiteElo "2600"]
[BlackElo "2484"]
[PlyCount "79"]
[EventDate "2019.09.28"]
[EventCountry "CRO"]
[WhiteTeam "ŠK VINKOVCI, Vinkovci"]
[BlackTeam "ŠK BJELOVAR, Bjelovar"]

1. e4 e5 2. Nf3 Nc6 3. Bb5 a6 4. Ba4 Nf6 5. O-O b5 6. Bb3 Bb7 7. Re1 Bc5 8. c3
d6 9. d4 Bb6 10. a4 h6 11. Be3 exd4 12. cxd4 Na5 13. Bc2 O-O 14. Nbd2 Re8 15.
d5 Bxe3 16. Rxe3 c5 17. b3 b4 18. h3 Nd7 19. Qe2 Nb6 20. Re1 Rc8 21. Nc4 Naxc4
22. bxc4 Nd7 23. e5 Nxe5 24. Nxe5 dxe5 25. f4 e4 26. Rxe4 Rxe4 27. Qxe4 g6 28.
Qe5 Qh4 29. Re4 f5 30. Qe6+ Kh8 31. Qe5+ Kg8 32. Qe6+ Kh8 33. Re3 Rg8 34. Qf7
Qxf4 35. Qf6+ Rg7 36. Re8+ Kh7 37. Qf8 Qc1+ 38. Bd1 Qxd1+ 39. Kh2 Qd2 40. Qh8#
1-0

[Event "1.b HSL 19"]
[Site "Mali Losinj"]
[Date "2019.09.28"]
[Round "1.45"]
[White "Pucovski, Miroslav"]
[Black "Blagojevic, Marijan"]
[Result "1-0"]
[WhiteElo "2238"]
[BlackElo "2196"]
[PlyCount "65"]
[EventDate "2019.09.28"]
[EventCountry "CRO"]
[WhiteTeam "ŠK VINKOVCI, Vinkovci"]
[BlackTeam "ŠK BJELOVAR, Bjelovar"]

1. e4 c5 2. c3 Nf6 3. e5 Nd5 4. Bc4 Nb6 5. Bb3 Nc6 6. Nf3 e6 7. d4 cxd4 8. cxd4
d6 9. exd6 Bxd6 10. O-O O-O 11. Re1 Re8 12. Nc3 Nb4 13. a3 N4d5 14. Bc2 Be7 15.
Ne5 Nf6 16. Bg5 g6 17. Qf3 Nbd5 18. Bb3 Nxc3 19. bxc3 Kg7 20. Bh6+ Kg8 21. Ba4
Rf8 22. Bxf8 Qxf8 23. Bb3 Kg7 24. a4 Rb8 25. Qe2 Bd6 26. Ng4 Nd5 27. Qf3 Qd8
28. c4 Nb4 29. d5 exd5 30. cxd5 Bf5 31. Qc3+ f6 32. Re8 Qxe8 33. Qxf6+ 1-0

[Event "1.b HSL 19"]
[Site "Mali Losinj"]
[Date "2019.09.28"]
[Round "1.44"]
[White "Petrusic, Toni"]
[Black "Bosnjak, Petar"]
[Result "1/2-1/2"]
[WhiteElo "2272"]
[BlackElo "2265"]
[PlyCount "83"]
[EventDate "2019.09.28"]
[EventCountry "CRO"]
[WhiteTeam "ŠK BJELOVAR, Bjelovar"]
[BlackTeam "ŠK VINKOVCI, Vinkovci"]

1. Nf3 Nf6 2. g3 d5 3. Bg2 e6 4. d3 Be7 5. Nbd2 c5 6. O-O Nc6 7. e4 Qc7 8. Re1
O-O 9. e5 Nd7 10. Qe2 b5 11. Nf1 Bb7 12. h4 Rfc8 13. Bf4 Qd8 14. h5 h6 15. N1h2
Bf8 16. g4 Be7 17. c3 Nf8 18. Qd2 Nh7 19. Bf1 d4 20. c4 a6 21. Qe2 bxc4 22.
dxc4 a5 23. Qd2 a4 24. Bd3 Nb4 25. Bb1 a3 26. b3 d3 27. Rd1 Bxf3 28. Nxf3 Ng5
29. Bxg5 Bxg5 30. Qc3 d2 31. Nxd2 Bf4 32. Be4 Ra7 33. Nf3 Rd7 34. Qe1 Rcc7 35.
Kg2 Ra7 36. Qe2 Kf8 37. Rxd7 Rxd7 38. Rf1 Qc7 39. Bb1 Qb7 40. Be4 Qc7 41. Bb1
Qb7 42. Be4 1/2-1/2

[Event "1.b HSL 19"]
[Site "Mali Losinj"]
[Date "2019.09.28"]
[Round "1.42"]
[White "Srbis, Jurica"]
[Black "Kadric, Denis"]
[Result "1/2-1/2"]
[WhiteElo "2445"]
[BlackElo "2558"]
[PlyCount "54"]
[EventDate "2019.09.28"]
[EventCountry "CRO"]
[WhiteTeam "ŠK BJELOVAR, Bjelovar"]
[BlackTeam "ŠK VINKOVCI, Vinkovci"]

1. d4 d6 2. e4 Nf6 3. Nc3 Nc6 4. Nf3 g6 5. h3 a6 6. a4 Bg7 7. Be2 O-O 8. O-O e5
9. dxe5 dxe5 10. Be3 Qe7 11. Bg5 Be6 12. Nd5 Bxd5 13. Bxf6 Bxf6 14. Qxd5 Qb4
15. Qc4 Qb6 16. c3 Na5 17. Qa2 Nb3 18. Rad1 Nc5 19. Bd3 Qc6 20. Bc2 Rad8 21.
Qc4 b5 22. axb5 axb5 23. Qe2 Ne6 24. g3 b4 25. Qe3 Kg7 26. Bb3 bxc3 27. bxc3
Rxd1 1/2-1/2

[Event "1.b HSL 19"]
[Site "Mali Losinj"]
[Date "2019.09.28"]
[Round "1.43"]
[White "Stojanovski, Dejan"]
[Black "Cop, Tomislav"]
[Result "1-0"]
[WhiteElo "2428"]
[BlackElo "2349"]
[PlyCount "79"]
[EventDate "2019.09.28"]
[EventCountry "CRO"]
[WhiteTeam "ŠK VINKOVCI, Vinkovci"]
[BlackTeam "ŠK BJELOVAR, Bjelovar"]

1. d4 Nf6 2. Nf3 g6 3. Nbd2 Bg7 4. e4 d6 5. Bb5+ c6 6. Bd3 O-O 7. O-O Nh5 8.
Re1 e5 9. c3 Nf4 10. Bf1 h6 11. Nc4 Qc7 12. dxe5 dxe5 13. Qd6 Qxd6 14. Nxd6 Rd8
15. Bxf4 exf4 16. Rad1 b5 17. Nxb5 Nd7 18. Na3 Bb7 19. Nc4 Rab8 20. e5 c5 21.
Nfd2 Bd5 22. b3 Re8 23. Nf3 Nb6 24. Ncd2 g5 25. h3 Rbd8 26. Bb5 Rf8 27. Kf1 Bb7
28. Nc4 Nd5 29. Rc1 Nc7 30. Ba4 Ba6 31. Red1 Nb5 32. Ke1 Rfe8 33. Bxb5 Bxb5 34.
Nd6 Rxd6 35. Rxd6 f6 36. c4 Bf8 37. Rxf6 Bd7 38. Ra6 g4 39. hxg4 Bxg4 40. Rg6+
1-0

[Event "1.b HSL 19"]
[Site "Mali Losinj"]
[Date "2019.09.28"]
[Round "1.46"]
[White "Machata, Martin"]
[Black "Bubalovic, Davorin"]
[Result "0-1"]
[WhiteElo "2179"]
[BlackElo "2212"]
[PlyCount "54"]
[EventDate "2019.09.28"]
[EventCountry "CRO"]
[WhiteTeam "ŠK BJELOVAR, Bjelovar"]
[BlackTeam "ŠK VINKOVCI, Vinkovci"]

1. Nf3 d5 2. g3 Nf6 3. Bg2 e6 4. O-O Be7 5. b3 O-O 6. Bb2 a5 7. c4 a4 8. Qc1 c6
9. d4 Qa5 10. Nbd2 Nbd7 11. Qc2 b5 12. e4 a3 13. Bc1 dxe4 14. Ng5 Ba6 15. Ndxe4
bxc4 16. bxc4 Nxe4 17. Nxe4 Qb4 18. Nd2 Rac8 19. Rb1 Qa5 20. Re1 Rfd8 21. Re3
Nf6 22. Nf3 Bf8 23. Ne5 Rxd4 24. c5 Qxc5 25. Qxc5 Rd1+ 26. Bf1 Bxc5 27. Bxa3
Rxb1 0-1

[Event "1.b HSL 19"]
[Site "Mali Losinj"]
[Date "2019.09.28"]
[Round "1.51"]
[White "Ruck, Robert"]
[Black "Medvegy, Zoltan"]
[Result "1/2-1/2"]
[WhiteElo "2530"]
[BlackElo "2539"]
[PlyCount "67"]
[EventDate "2019.09.28"]
[EventCountry "CRO"]
[WhiteTeam "ŠK ĐURO ĐAKOVIĆ, Slavonski Brod"]
[BlackTeam "ŠK GORAN, Bibinje"]

1. d4 Nf6 2. c4 e6 3. Nc3 Bb4 4. Qc2 d5 5. cxd5 Qxd5 6. Nf3 Qf5 7. Qxf5 exf5 8.
a3 Bd6 9. Nb5 Be6 10. e3 Ke7 11. Bd3 Nc6 12. Ke2 Rhc8 13. Bd2 Ne4 14. Rhc1 a6
15. Nxd6 cxd6 16. Be1 Na7 17. Nd2 Nxd2 18. Bxd2 g6 19. f3 Rxc1 20. Rxc1 Rc8 21.
Rxc8 Nxc8 22. e4 fxe4 23. Bxe4 Bc4+ 24. Ke3 d5 25. Bc2 b6 26. Bb4+ Ke6 27. Kf4
f6 28. h4 a5 29. Bd2 Ne7 30. g4 Nc6 31. Ke3 Ne7 32. Kf4 Nc6 33. Ke3 Ne7 34. Kf4
1/2-1/2

[Event "1.b HSL 19"]
[Site "Mali Losinj"]
[Date "2019.09.28"]
[Round "1.52"]
[White "Rezan, Sasa"]
[Black "Horvath, Adam"]
[Result "1/2-1/2"]
[WhiteElo "2432"]
[BlackElo "2495"]
[PlyCount "35"]
[EventDate "2019.09.28"]
[EventCountry "CRO"]
[WhiteTeam "ŠK GORAN, Bibinje"]
[BlackTeam "ŠK ĐURO ĐAKOVIĆ, Slavonski Brod"]

1. d4 Nf6 2. c4 e6 3. Nc3 Bb4 4. e3 O-O 5. Bd3 c5 6. Nge2 cxd4 7. exd4 d5 8.
cxd5 Nxd5 9. O-O Nf6 10. Bc2 Nc6 11. Qd3 Be7 12. a3 b6 13. Rd1 Bb7 14. Nf4 g6
15. d5 exd5 16. Nfxd5 Nxd5 17. Nxd5 Bf6 18. Nxf6+ 1/2-1/2